000 01068nam a2200277 4500
003 OSt
005 20260601170957.0
008 260418b1978\\\\sp\|||||\||||\00|\0\spa\d
040 _aICI
_bspa
_cspa
041 _aspa
_heng
050 _aT15
_bK73
245 1 _aTecnologia y cultura /
_cMelvin Kranzberg, William H. Davenport, eds. ; una antologia con textos de Scott buchanan... y otros.! ; version castellana de Esteve Riambau I Sauri ; revision bibliografica por Joaquim Romaguera I Ramio
264 _bBarcelona :
_cGustavo Gili,
_a1978
300 _a357 páginas
336 _atexto
_2rdacontent
337 _asin medio
_2rdamedia
338 _avolumen
_2rdacarrier
490 _aColección Tecnología y sociedad
650 1 _aTecnología
_xHistoria
650 1 _aTecnología y civilización
_925877
700 _aKranzberg, Melvin,
_eeditor
_930845
700 _aDevenport, William Henry,
_d1908-
_eeditor
_930846
700 _aRiambau I Sauri, Esteve,
_etraductor
700 _aRomaguera I Ramio, Joaquim
_erevision bibliografica
_916584
942 _2lcc
_cB
999 _c19910
_d19910